[Event "Cellavision Cup 2018"]
[Site "Lund"]
[Date "2018.08.03"]
[Round "2"]
[White "Mejvik, Jacob"]
[Black "Cramling, Pia"]
[Result "0-1"]
[WhiteElo "2103"]
[BlackElo "2453"]
[Annotator "ChessBase"]
[PlyCount "74"]
[EventDate "2018.08.03"]
[EventType "swiss"]
[EventCountry "SWE"]
[SourceTitle "playchess.com"]
[Source "ChessBase"]
[SourceQuality "1"]
[TimeControl "900+5"]

1. Nf3 {[%emt 0:00:00]} d5 {[%emt 0:00:04]} 2. d4 {[%emt 0:00:00]} Nf6 {[%emt 0:00:05]} 3. c4 {[%emt 0:00:00]} e6 {[%emt 0:00:01]} 4. g3 {[%emt 0:00:03]} dxc4 {[%emt 0:00:17]} 5. Bg2 {[%emt 0:00:01]} a6 {[%emt 0:00:15]} 6. O-O {[%emt 0:00:10]} Nc6 {[%emt 0:00:02]} 7. e3 {[%emt 0:00:05]} Rb8 {[%emt 0:00:11]} 8. Nfd2 {[%emt 0:00:09]} Bd7 {[%emt 0:00:37]} 9. Nxc4 {[%emt 0:00:08]} b5 {[%emt 0:00:20]} 10. Ne5 {[%emt 0:00:19]} Nxe5 {[%emt 0:00:06]} 11. dxe5 {[%emt 0:00:02]} Nd5 {[%emt 0:00:01]} 12. Bxd5 {[%emt 0:02:15]} exd5 {[%emt 0:00:02]} 13. Qxd5 {[%emt 0:00:02]} Bh3 {[%emt 0:00:16]} 14. Rd1 {[%emt 0:00:23]} Qxd5 {[%emt 0:00:07]} 15. Rxd5 {[%emt 0:00:02]} Be7 {[%emt 0:00:14]} 16. Nc3 {[%emt 0:00:21]} O-O {[%emt 0:00:07]} 17. a3 {[%emt 0:01:24]} c6 {[%emt 0:01:54]} 18. Rd1 {[%emt 0:01:14]} Rbd8 {[%emt 0:00:28]} 19. Rxd8 {[%emt 0:00:19]} Rxd8 {[%emt 0:00:09]} 20. e4 {[%emt 0:00:19]} Bc5 {[%emt 0:00:15]} 21. Bf4 {[%emt 0:00:23]} h6 {[%emt 0:00:30]} 22. b4 {[%emt 0:01:48]} Bd4 {[%emt 0:00:37]} 23. Rd1 {[%emt 0:00:20]} Rd7 {[%emt 0:00:10]} 24. Nd5 {[%emt 0:01:14]} Bb2 {[%emt 0:01:10]} 25. Ne3 {[%emt 0:00:31]} Bxa3 {[%emt 0:01:24]} 26. Rxd7 {[%emt 0:00:38]} Bxd7 {[%emt 0:00:02]} 27. Nc2 {[%emt 0:00:08]} Bb2 {[%emt 0:00:01]} 28. h4 {[%emt 0:00:01]} Be6 {[%emt 0:00:20]} 29. Ne1 {[%emt 0:01:01]} Bc4 {[%emt 0:00:41]} 30. Nf3 {[%emt 0:00:17]} Be2 {[%emt 0:00:24]} 31. e6 {[%emt 0:01:29]} f6 {[%emt 0:00:08]} 32. Kg2 {[%emt 0:00:23]} Bd3 {[%emt 0:00:35]} 33. e5 {[%emt 0:01:48]} f5 {[%emt 0:00:28]} 34. Be3 {[%emt 0:00:14]} Be4 {[%emt 0:00:10]} 35. Bc5 {[%emt 0:00:05]} g5 {[%emt 0:00:18]} 36. e7 {[%emt 0:00:18]} Kf7 {[%emt 0:00:02]} 37. e6+ Ke8 0-1

[Event "Cellavision Cup 2018"]
[Site "Lund"]
[Date "2018.08.03"]
[Round "2"]
[White "Gillefalk, Bjorn"]
[Black "Ahlander, Bjorn"]
[Result "0-1"]
[WhiteElo "2097"]
[BlackElo "2433"]
[Annotator "NA"]
[PlyCount "50"]
[EventDate "2018.08.03"]
[EventType "swiss"]
[EventCountry "SWE"]
[SourceTitle "playchess.com"]
[Source "ChessBase"]
[SourceQuality "1"]
[TimeControl "900+5"]

1. d4 {[%emt 0:00:00]} Nf6 {[%emt 0:00:00]} 2. c4 {[%emt 0:00:00]} e6 {[%emt 0:00:00]} 3. Nf3 {[%emt 0:00:02]} d5 {[%emt 0:00:02]} 4. g3 {[%emt 0:00:03]} Bb4+ {[%emt 0:01:00]} 5. Bd2 {[%emt 0:00:04]} Be7 {[%emt 0:00:02]} 6. Bg2 {[%emt 0:00:10]} O-O {[%emt 0:00:04]} 7. O-O {[%emt 0:00:14]} c6 {[%emt 0:00:01]} 8. Bf4 {[%emt 0:00:41]} Nbd7 {[%emt 0:00:08]} 9. Qc2 {[%emt 0:00:10]} b6 {[%emt 0:00:11]} 10. Nbd2 {[%emt 0:00:16]} Nh5 {[%emt 0:00:40]} 11. Be3 {[%emt 0:00:02]} Ba6 {[%emt 0:00:24]} 12. g4 {[%emt 0:01:02]} Nhf6 {[%emt 0:00:06]} 13. h3 {[%emt 0:00:03]} Rc8 {[%emt 0:00:43]} 14. Qa4 {[%emt 0:00:42]} Nb8 {[%emt 0:00:02]} 15. Ne5 {[%emt 0:00:11]} b5 {[%emt 0:00:42]} 16. cxb5 {[%emt 0:00:10]} Bxb5 {[%emt 0:00:15]} 17. Qd1 {[%emt 0:00:39]} Nfd7 {[%emt 0:00:16]} 18. Ndf3 {[%emt 0:00:48]} f6 {[%emt 0:00:20]} 19. Nxd7 {[%emt 0:00:05]} Nxd7 {[%emt 0:00:02]} 20. Bf4 {[%emt 0:01:14]} e5 {[%emt 0:01:08]} 21. dxe5 {[%emt 0:00:21]} fxe5 {[%emt 0:00:02]} 22. Nxe5 Rxf4 {[%emt 0:01:02]} 23. Bxd5+ {[%emt 0:01:41]} Kf8 {[%emt 0:01:05]} 24. Qd2 {[%emt 0:06:18]} Bg5 {[%emt 0:00:24]} 25. e3 {[%emt 0:00:19]} Nxe5 {[%emt 0:00:07]} 0-1

[Event "Cellavision Cup 2018"]
[Site "Lund"]
[Date "2018.08.03"]
[Round "3"]
[White "Grandelius, Nils"]
[Black "Kristiansen, Jens"]
[Result "1-0"]
[WhiteElo "2658"]
[BlackElo "2366"]
[Annotator "TA"]
[PlyCount "85"]
[EventDate "2018.08.03"]
[EventType "swiss"]
[EventCountry "SWE"]
[SourceTitle "playchess.com"]
[Source "ChessBase"]
[SourceQuality "1"]

{[%evp 13,85,71,81,32,99,84,91,91,135,93,224,222,236,181,174,158,189,147,252,213,218,229,227,230,308,279,285,195,297,196,160,58,68,61,65,20,39,39,36,40,37,21,72,35,35,32,36,40,37,36,96,61,61,64,67,43,43,43,45,50,63,57,57,41,77,51,113,114,637,652,639,630,649,638]} 1. Nf3 {[%cal Bg1f3,Bf3e5,Be5c4,Bc4e3][%mdl 32]} f5 2. d3 {[%cal Bd2d3,Bd3d4][%mdl 32]} Nc6 3. e4 e5 4. d4 fxe4 5. Nxe5 Nf6 (5... Qf6 6. f4 d6 7. Nxc6 bxc6 8. d5 Qg6 9. dxc6 Be7 10. g3 Bf6 11. Be2 Qf5 {½-½ (60) Wen,Y (2605)-Sandipan,C (2566) Sanya City 2017}) 6. Nc3 {C40: Latvian and Elephant Gambits} Qe7 $146 ({Predecessor:} 6... d6 7. Nc4 d5 8. Ne3 Be6 9. Be2 Bd6 10. O-O O-O 11. f3 exf3 12. Bxf3 {0-1 (64) Brandenburg,D (2489)-Dambacher,M (2468) Netherlands 2018}) 7. Bf4 d6 {LiveBook: 14 Games} 8. Nc4 {White is better.} Bg4 (8... d5 $1 $14 9. Ne5 Qe6) 9. Qd2 $1 $16 ({Much weaker is} 9. Be2 $6 Bxe2 10. Nxe2 (10. Kxe2 d5 $15) 10... Qf7 $11) 9... Qf7 10. d5 $1 Ne7 {[%cal Re7d5]} 11. Ne3 Bh5 (11... Bd7 $16) 12. Nb5 $1 $18 {[%cal Rb5c7,Bc3b5,Bb5d4,Bd4e6][%mdl 32]} Ng6 13. Bg3 a6 14. Qa5 Rc8 15. Nd4 $1 Ng4 (15... Ne5 $16 {was called for.} 16. Ne6 Qd7) 16. Ne6 Nxe3 17. fxe3 Bg4 18. Bc4 Ne5 19. Bxe5 dxe5 20. Bb3 Bd6 (20... Qf6 $142 21. Qa4+ c6) 21. Qa4+ Ke7 {Hoping for ...Rhf8!} 22. Qxe4 (22. h3 $1 $16 {[%cal Rh3g4]} Bf5 23. Rf1) 22... Qg6 $14 23. Qxg6 hxg6 24. Ng5 e4 25. h3 Bg3+ 26. Kd2 Bf5 27. Raf1 Bh4 (27... Rh5 $11 28. Ne6 Bxe6 29. dxe6 Rd8+ 30. Kc1 Rf5) 28. g4 {d6+ is the strong threat.} Bxg5 29. gxf5 gxf5 30. Rxf5 Bf6 31. Rf4 Bxb2 (31... Rh4 $14) 32. c3 Rcf8 33. Rxe4+ Kd8 34. Rh2 Ba3 35. h4 Bd6 36. Rg2 Rf7 37. Kd3 Rh5 38. Reg4 Re7 39. Rf2 Be5 (39... Ree5 $14) 40. Rf8+ $16 Re8 $2 {[%mdl 8192] [#]} (40... Kd7 $16) 41. Rxe8+ $1 $18 {White is clearly winning.} Kxe8 {[#]} 42. Re4 $1 Kd7 43. Bd1 {Precision: White = 54%, Black = 36%.} 1-0

[Event "Cellavision Cup 2018"]
[Site "Lund"]
[Date "2018.08.03"]
[Round "3"]
[White "Hansen, Sune Berg"]
[Black "Seo, Jung Min"]
[Result "1/2-1/2"]
[WhiteElo "2589"]
[BlackElo "2356"]
[Annotator "ChessBase"]
[PlyCount "115"]
[EventDate "2018.08.03"]
[EventType "swiss"]
[EventCountry "SWE"]
[SourceTitle "playchess.com"]
[Source "ChessBase"]
[SourceQuality "1"]
[TimeControl "900+5"]

1. d4 {[%emt 0:00:00]} d5 {[%emt 0:00:00]} 2. Bf4 {[%emt 0:00:04]} Nf6 {[%emt 0:00:01]} 3. e3 {[%emt 0:00:02]} e6 {[%emt 0:00:02]} 4. Nd2 {[%emt 0:00:07]} c5 {[%emt 0:00:04]} 5. c3 {[%emt 0:00:04]} Nc6 {[%emt 0:00:01]} 6. Ngf3 {[%emt 0:00:05]} Bd6 {[%emt 0:00:02]} 7. Bg3 {[%emt 0:00:03]} O-O {[%emt 0:00:03]} 8. Bb5 {[%emt 0:00:27]} Qe7 {[%emt 0:00:48]} 9. O-O {[%emt 0:01:21]} Bxg3 {[%emt 0:00:15]} 10. hxg3 {[%emt 0:00:04]} Bd7 {[%emt 0:00:12]} 11. a4 {[%emt 0:00:36]} a6 {[%emt 0:01:05]} 12. Bxc6 {[%emt 0:00:03]} Bxc6 {[%emt 0:01:54]} 13. Ne5 {[%emt 0:00:39]} Nd7 {[%emt 0:00:18]} 14. Nd3 {[%emt 0:00:53]} e5 {[%emt 0:01:17]} 15. Re1 {[%emt 0:00:04]} Rad8 {[%emt 0:00:39]} 16. Qh5 {[%emt 0:00:18]} f5 {[%emt 0:01:52]} 17. a5 {[%emt 0:00:50]} Bb5 {[%emt 0:00:26]} 18. Nxe5 {[%emt 0:00:29]} Nxe5 {[%emt 0:00:02]} 19. dxe5 {[%emt 0:00:04]} Qxe5 {[%emt 0:00:00]} 20. Nf3 {[%emt 0:01:14]} Qf6 {[%emt 0:00:22]} 21. Rac1 {[%emt 0:00:36]} Rc8 {[%emt 0:00:40]} 22. Rcd1 {[%emt 0:00:23]} Rcd8 {[%emt 0:00:30]} 23. Rd2 {[%emt 0:00:43]} Bc6 {[%emt 0:00:32]} 24. Rc1 {[%emt 0:00:04]} g6 {[%emt 0:00:37]} 25. Qh6 {[%emt 0:00:35]} Rfe8 {[%emt 0:02:23]} 26. b4 {[%emt 0:01:06]} c4 {[%emt 0:00:55]} 27. Rd4 {[%emt 0:00:22]} Qg7 {[%emt 0:00:05]} 28. Qh4 {[%emt 0:00:29]} Rd7 {[%emt 0:00:53]} 29. Rcd1 {[%emt 0:00:44]} Rde7 {[%emt 0:00:15]} 30. Qh3 {[%emt 0:00:20]} Re4 {[%emt 0:00:13]} 31. Ng5 {[%emt 0:00:25]} Rxd4 {[%emt 0:00:10]} 32. Rxd4 {[%emt 0:00:03]} h6 {[%emt 0:00:12]} 33. Nf3 {[%emt 0:00:01]} Re4 {[%emt 0:00:21]} 34. Rxe4 {[%emt 0:00:47]} dxe4 {[%emt 0:00:01]} 35. Nd4 {[%emt 0:00:02]} Bd7 {[%emt 0:00:02]} 36. Qh4 {[%emt 0:00:05]} g5 {[%emt 0:00:01]} 37. Qh5 {[%emt 0:00:04]} Qf6 {[%emt 0:00:07]} 38. Qe2 {[%emt 0:00:12]} Qf7 {[%emt 0:00:07]} 39. Qd1 {[%emt 0:00:11]} Qd5 {[%emt 0:00:08]} 40. Kf1 {[%emt 0:00:24]} Kf7 {[%emt 0:00:14]} 41. Ke1 {[%emt 0:00:04]} Kg8 {[%emt 0:00:02]} 42. Qc2 {[%emt 0:00:16]} Kg7 {[%emt 0:00:03]} 43. Qd1 {[%emt 0:00:09]} Kg8 {[%emt 0:00:03]} 44. Kd2 {[%emt 0:00:02]} Kg7 {[%emt 0:00:04]} 45. Kc1 {[%emt 0:00:02]} Kg8 {[%emt 0:00:05]} 46. Qh5 {[%emt 0:00:14]} Kg7 {[%emt 0:00:06]} 47. Kb2 {[%emt 0:00:03]} Qe5 {[%emt 0:00:16]} 48. Ka3 {[%emt 0:00:07]} Qd5 {[%emt 0:00:05]} 49. Qd1 {[%emt 0:00:10]} Kg8 {[%emt 0:00:01]} 50. Kb2 {[%emt 0:00:07]} Kf7 {[%emt 0:00:05]} 51. Kc1 {[%emt 0:00:03]} Kg8 {[%emt 0:00:04]} 52. Nc2 {[%emt 0:00:06]} Qxd1+ {[%emt 0:00:13]} 53. Kxd1 {[%emt 0:00:01]} Ba4 {[%emt 0:00:01]} 54. Kc1 {[%emt 0:00:01]} Bxc2 {[%emt 0:00:01]} 55. Kxc2 {[%emt 0:00:01]} Kf7 {[%emt 0:00:01]} 56. Kb2 {[%emt 0:00:11]} Ke6 {[%emt 0:00:02]} 57. Ka3 {[%emt 0:00:03]} Kd5 {[%emt 0:00:00]} 58. Kb2 {[%emt 0:00:18]} 1/2-1/2

[Event "Cellavision Cup 2018"]
[Site "Lund"]
[Date "2018.08.03"]
[Round "3"]
[White "Hillarp Persson, Tiger"]
[Black "Bellon Lopez, Juan Manuel"]
[Result "1-0"]
[WhiteElo "2542"]
[BlackElo "2342"]
[Annotator "TA"]
[PlyCount "131"]
[EventDate "2018.08.03"]
[EventType "swiss"]
[EventCountry "SWE"]
[SourceTitle "playchess.com"]
[Source "ChessBase"]
[SourceQuality "1"]

{[%evp 9,131,41,50,44,60,35,35,45,75,52,96,52,96,90,114,111,106,118,121,106,101,86,119,73,66,49,77,77,75,73,87,61,60,61,85,91,105,112,190,191,179,198,167,115,118,113,229,229,272,257,295,297,380,349,352,340,555,548,486,500,594,562,639,1030,997,946,860,743,683,683,935,969,868,806,874,816,878,792,762,835,842,784,687,666,706,537,12834,12832,12835,12835,12836,12833,12837,12833,12829,9134,5285,1098,5302,5074,12826,12826,12835,12835,12836,22,12829,1594,2318,1511,12837,12837,12837,12837,12832,12833,12841,12842,12842,12843,12843,12842,12847,12846]} 1. Nf3 c5 2. g3 Nc6 3. c4 Nd4 (3... g6 4. Bg2 Bg7 5. O-O e6 6. Nc3 Nge7 7. a3 d5 8. cxd5 exd5 9. b4 d4 10. Ne4 d3 11. Rb1 cxb4 12. axb4 Bf5 13. Nh4 dxe2 14. Qxe2 Nd4 15. Qd1 {½-½ (44) Van Wely,L (2656)-Vachier Lagrave,M (2793) chess.com INT 2018}) 4. Nxd4 cxd4 5. Bg2 g6 6. d3 {A30: Symmetrical English: Double Fianchetto and Hedgehog} Bg7 7. Na3 $146 ({Predecessor:} 7. Nd2 Nh6 8. O-O O-O 9. b4 d6 10. a4 a5 11. Qb3 axb4 12. Qxb4 {1-0 (61) Ruisinger,F-Straub,P (2091) Augsburg 2001}) 7... Nh6 8. h4 {White is slightly better.} a6 9. Nc2 Rb8 10. a4 d6 11. Nxd4 Bxd4 12. Bxh6 Bxb2 13. Rb1 Qa5+ 14. Kf1 Bf6 15. Bc6+ Bd7 16. Bxd7+ Kxd7 17. Bd2 Bc3 18. Bxc3 Qxc3 19. Kg2 Qa5 20. Qb3 Rhc8 21. Rb2 e6 22. Rhb1 Rc7 23. Qa3 Qc5 (23... b6 $16) 24. Qxc5 $18 dxc5 {[%mdl 4096] Endgame KRR-KRR} 25. Rb6 Kc8 26. g4 (26. Kf3 $18) 26... h6 27. g5 h5 (27... hxg5 $16 28. hxg5 Rc6) 28. Kf3 Rd7 29. Ke3 $1 Kc7 30. a5 Rd4 31. f4 Rd7 32. Ke4 Kc8 $2 (32... Rd6 33. R6b2 Rd4+ 34. Ke5 Rdd8) 33. Ke5 Kc7 34. R1b3 Kc8 35. Rd6 Kc7 36. Rxd7+ Kxd7 {KR-KR} 37. Kf6 Ke8 38. Rb6 Kf8 39. e3 Ke8 40. d4 cxd4 41. exd4 Rd8 42. Ke5 Rd7 43. d5 exd5 44. cxd5 Rc7 45. f5 gxf5 46. Kxf5 Rc5 47. Ke5 Rxa5 48. Rxb7 Ra4 49. Kd6 {[%cal Rb7b8]} Kf8 50. Rb8+ Kg7 51. Ke5 Ra5 52. Ra8 Kg6 53. Rg8+ Kh7 54. Rc8 Kg7 55. Kd4 Ra4+ {[#]} 56. Kc5 $1 Ra1 57. Rc7 $2 ({White should play} 57. Kc6 $18 {aiming for d6.} Rc1+ 58. Kd7) 57... Rc1+ $2 {[%mdl 8192]} (57... a5 $11) 58. Kb6 {White is clearly winning.} Rd1 {[#]} 59. Kc6 $1 Rc1+ 60. Kd7 Rd1 61. d6 a5 62. Rc4 f6 63. gxf6+ Kxf6 64. Ra4 Rd5 65. Kc6 Re5 66. Rd4 {Precision: White = 69%, Black = 39%.} 1-0

[Event "Cellavision Cup 2018"]
[Site "Lund"]
[Date "2018.08.03"]
[Round "3"]
[White "Sivuk, Vitaly"]
[Black "Dragicevic, Drazen"]
[Result "1-0"]
[WhiteElo "2535"]
[BlackElo "2339"]
[Annotator "ChessBase"]
[PlyCount "83"]
[EventDate "2018.08.03"]
[EventType "swiss"]
[EventCountry "SWE"]
[SourceTitle "playchess.com"]
[Source "ChessBase"]
[SourceQuality "1"]
[TimeControl "900+5"]

1. Nf3 {[%emt 0:00:00]} Nf6 {[%emt 0:00:00]} 2. g3 {[%emt 0:00:02]} g6 {[%emt 0:00:04]} 3. b3 {[%emt 0:00:05]} Bg7 {[%emt 0:00:13]} 4. Bb2 {[%emt 0:00:02]} O-O {[%emt 0:00:12]} 5. Bg2 {[%emt 0:00:03]} c5 {[%emt 0:00:15]} 6. c4 {[%emt 0:00:03]} Nc6 {[%emt 0:01:21]} 7. O-O {[%emt 0:00:05]} b6 {[%emt 0:01:49]} 8. d4 {[%emt 0:00:11]} cxd4 {[%emt 0:00:02]} 9. Nxd4 {[%emt 0:00:02]} Bb7 {[%emt 0:00:07]} 10. Nc3 {[%emt 0:00:05]} Rc8 {[%emt 0:00:44]} 11. Rc1 {[%emt 0:00:08]} Qc7 {[%emt 0:00:25]} 12. Nd5 {[%emt 0:00:25]} Qd8 {[%emt 0:03:00]} 13. Nb5 {[%emt 0:05:09]} Ne8 {[%emt 0:02:07]} 14. Qd2 {[%emt 0:00:42]} a6 {[%emt 0:00:13]} 15. Bxg7 {[%emt 0:00:07]} Kxg7 {[%emt 0:00:02]} 16. Nbc3 {[%emt 0:00:52]} Ba8 {[%emt 0:01:11]} 17. Rfd1 {[%emt 0:01:17]} d6 {[%emt 0:00:28]} 18. Na4 {[%emt 0:00:18]} Rb8 {[%emt 0:00:18]} 19. Qe3 {[%emt 0:00:11]} b5 {[%emt 0:00:37]} 20. Nab6 {[%emt 0:00:20]} e6 {[%emt 0:01:29]} 21. Nxa8 {[%emt 0:00:12]} exd5 {[%emt 0:00:32]} 22. cxb5 {[%emt 0:00:09]} Ne7 {[%emt 0:00:35]} 23. Nc7 {[%emt 0:00:39]} Nxc7 {[%emt 0:00:12]} 24. Qc3+ {[%emt 0:00:01]} Kg8 {[%emt 0:00:16]} 25. Qxc7 {[%emt 0:00:02]} axb5 {[%emt 0:00:01]} 26. Qxd8 {[%emt 0:00:08]} Rfxd8 {[%emt 0:00:03]} 27. Bxd5 {[%emt 0:00:07]} Nxd5 {[%emt 0:00:29]} 28. Rxd5 {[%emt 0:00:02]} Rb6 {[%emt 0:00:09]} 29. Rc2 {[%emt 0:00:26]} b4 {[%emt 0:00:03]} 30. Ra5 {[%emt 0:00:39]} Rbb8 {[%emt 0:00:16]} 31. Ra4 {[%emt 0:00:15]} Rd7 {[%emt 0:00:04]} 32. Rc4 {[%emt 0:00:05]} Rdb7 {[%emt 0:00:02]} 33. Rd4 {[%emt 0:00:04]} Rc8 {[%emt 0:00:13]} 34. Rdxb4 {[%emt 0:00:19]} Rxb4 {[%emt 0:00:10]} 35. Rxb4 {[%emt 0:00:01]} Rc2 {[%emt 0:00:01]} 36. a4 {[%emt 0:00:04]} Rxe2 {[%emt 0:00:02]} 37. a5 {[%emt 0:00:05]} Re7 {[%emt 0:00:11]} 38. Ra4 {[%emt 0:00:03]} d5 {[%emt 0:00:04]} 39. a6 {[%emt 0:00:04]} Ra7 {[%emt 0:00:02]} 40. b4 {[%emt 0:00:01]} d4 {[%emt 0:00:01]} 41. b5 {[%emt 0:00:01]} d3 {[%emt 0:00:02]} 42. Rd4 {[%emt 0:00:03]} 1-0

[Event "Cellavision Cup 2018"]
[Site "Lund"]
[Date "2018.08.03"]
[Round "3"]
[White "Hector, Jonny"]
[Black "Kucuksari, Kaan"]
[Result "1-0"]
[WhiteElo "2491"]
[BlackElo "2329"]
[Annotator "TA"]
[PlyCount "127"]
[EventDate "2018.08.03"]
[EventType "swiss"]
[EventCountry "SWE"]
[SourceTitle "playchess.com"]
[Source "ChessBase"]
[SourceQuality "1"]

{[%evp 21,127,0,0,-88,8,13,5,-12,-12,-12,-10,-16,-8,-17,0,0,0,0,0,0,0,-5,0,0,0,0,0,0,0,-13,-5,-7,-8,-16,-10,-116,-108,-102,-116,-96,-106,-154,-156,-145,-105,-108,-21,-77,-77,-89,-85,-84,-89,-123,-96,-126,-72,-77,-31,-204,-131,-152,-54,-93,-41,-69,0,-16,0,0,0,-7,-8,-8,0,0,0,0,0,0,0,0,0,-29976,-29977,-29980,-29981,-29981,-29981,-29981,-29978,-29985,-151,-151,-151,-354,-16,-16,0,0,0,0,0,0,0,0,0,0]} 1. e4 {Ramirez Alvarez,Alejandro} c6 2. d4 d5 3. Nd2 dxe4 4. Nxe4 Bf5 5. Ng3 Bg6 6. Nh3 Nf6 7. Nf4 e5 8. Nxg6 hxg6 9. dxe5 Qa5+ 10. c3 {B18: Classical Caro-Kann: 4...Bf5 sidelines} Qxe5+ 11. Qe2 Nbd7 {LiveBook: 19 Games} 12. Be3 $146 (12. Qxe5+ $11 Nxe5 13. Be3) ({Predecessor:} 12. Bf4 Qxe2+ 13. Bxe2 Bc5 14. Bf3 O-O-O 15. O-O Nd5 16. Bxd5 cxd5 {½-½ (51) Svidler,P (2727)-Giri,A (2793) Baku 2015 CBM 169 [Ramirez Alvarez,Alejandro]}) 12... Bc5 (12... O-O-O $1 $17 13. O-O-O Bc5 14. Bxc5 Qxc5) 13. Bxc5 $11 Qxe2+ 14. Nxe2 Nxc5 15. Nd4 O-O-O 16. Be2 Rhe8 17. O-O-O Ne6 18. Nxe6 Rxe6 19. Bc4 Re7 20. f3 Rxd1+ (20... Rde8 {keeps more tension.} 21. a4 Kc7 22. Kc2 Nd7 23. h4 Nb6) 21. Rxd1 {[%mdl 4096] Endgame KRB-KRN} Nd7 22. f4 b5 23. Bf1 Nf6 24. g3 Kc7 25. Bd3 Ng4 26. Rd2 Re1+ 27. Kc2 Rh1 28. Be2 (28. c4 $11) 28... Ne3+ $1 $17 ({Resist} 28... Nxh2 29. Rd1 $15) 29. Kd3 Nc4 30. Rc2 Rxh2 31. b3 Nd6 $1 32. g4 c5 33. Ke3 Ne8 (33... f5 $17 34. gxf5 Nxf5+ 35. Ke4 Kd6) 34. Rc1 (34. Kf3 $11 {keeps the balance.}) 34... Nf6 {Threatens to win with ...Rh3+.} 35. Bxb5 Rh3+ ({Much weaker is} 35... Rxa2 $6 36. Kf3 $11) 36. Ke2 Nxg4 37. Bc4 f5 38. Bf7 Re3+ (38... Kd6 $142 39. Rd1+ Ke7 40. Bxg6 Re3+ 41. Kd2 Kf6) 39. Kd2 Rf3 40. Bxg6 $2 (40. Re1 $15) 40... Rxf4 41. Rg1 {[#]} Rf2+ (41... Nf6 $1 $17 42. Rg5 Ne4+ 43. Ke3 Rf1) 42. Kc1 {[#]} Ne5 ({Reject} 42... Rxa2 $6 43. Bxf5 Ne3 44. Rxg7+ Kd6 45. Bb1 $11) (42... Ne3 $1 $17 43. Bh7 Rxa2 44. Rxg7+ Kd6) 43. Bh7 Nd3+ ({Black should play} 43... g6 $15 44. Bxg6 Nxg6 45. Rxg6 Rxa2) 44. Kb1 Rb2+ 45. Ka1 Rf2 {Strongly threatening ...g5!} 46. a4 Kd6 47. Rxg7 a5 48. Ra7 Nc1 49. Bg8 Ne2 50. Ra6+ Ke5 51. Rxa5 Nxc3 {[%csl Gc3][%cal Rf2a2]} 52. Rxc5+ $2 {[%mdl 8192]} (52. b4 $11) 52... Kd4 {[%csl Gc3][%cal Rf2a2]} 53. Rxc3 Kxc3 {KR-KB} 54. a5 Rg2 55. Bd5 Rg6 56. Bc4 Kb4 $2 (56... Rg5 {mates} 57. a6 f4 58. Bf7 Ra5+ 59. Kb1 f3 60. Be6 Rxa6 61. Bc4 Rd6 62. Ka2 Rb6 63. Bd5 f2 64. Bg2 Rxb3 65. Bh3 Rb8 66. Bg2 Re8 67. Bh3 Re1 68. Bg4 f1=Q 69. Bd1 Qa6+ 70. Kb1 Rxd1#) 57. a6 Rg7 {Hoping for ...f4.} 58. Bd5 $2 (58. Kb2 $17) 58... Ra7 $2 (58... Kb5 $19 59. Bc4+ Kb6) 59. Bb7 $1 $11 {The position is equal.} Kxb3 60. Kb1 Kc3 (60... f4 $5) 61. Kc1 $1 Kd3 (61... f4 $5 62. Kd1 $8 Kd3 $11) 62. Kd1 Ke3 (62... f4 $5 63. Ke1 $8 Ke3 $11) 63. Ke1 f4 {And now ...f3 would win.} 64. Kf1 {[%mdl 32768] Precision: White = 55%, Black = 44%. . Sensor Board Error (Ke4/e5)?} 1-0

[Event "Cellavision Cup 2018"]
[Site "Lund"]
[Date "2018.08.03"]
[Round "3"]
[White "Gritsak, Orest"]
[Black "Ornstein, Axel"]
[Result "1/2-1/2"]
[WhiteElo "2464"]
[BlackElo "2309"]
[Annotator "TA"]
[PlyCount "65"]
[EventDate "2018.08.03"]
[EventType "swiss"]
[EventCountry "SWE"]
[SourceTitle "playchess.com"]
[Source "ChessBase"]
[SourceQuality "1"]

{[%evp 20,65,7,0,2,0,8,8,19,14,27,28,28,28,28,22,44,29,39,32,39,22,32,17,34,10,13,8,27,0,10,0,0,-13,0,-7,0,-5,0,0,6,0,0,0,26,6,9,0]} 1. Nf3 Nf6 2. c4 c5 3. g3 b6 4. Bg2 Bb7 5. O-O e6 6. Nc3 Be7 7. d4 cxd4 8. Qxd4 d6 9. Bg5 O-O {A30: Symmetrical English: Double Fianchetto and Hedgehog} 10. Bxf6 (10. Rfd1 Nbd7 11. Nd2 Bxg2 12. Kxg2 Qc7 13. Nde4 h6 14. Bxf6 Nxf6 15. Rac1 Rfd8 16. b3 a6 17. f3 Ne8 18. Nf2 Qb7 {0-1 (34) Werle,J (2526)-Vallejo Pons,F (2714) Germany 2018}) 10... Bxf6 11. Qd3 {[#] LiveBook: 6 Games. And now Ng5! would win.} Qe7 12. Rfd1 $146 ({Predecessor:} 12. Rad1 Rd8 13. Ne4 Na6 14. Nxf6+ Qxf6 15. Nd4 Bxg2 16. Kxg2 Rac8 17. Qa3 Rxc4 {1-0 (45) Belous,V (2577)-Rozman,L (2404) Forth Worth 2017}) 12... Rd8 13. Nd4 Bxg2 14. Kxg2 Bxd4 15. Qxd4 Nc6 16. Qe4 Rac8 17. b3 Na5 18. Rac1 Qb7 19. f3 (19. h4 {seems wilder.} a6 20. h5 Kf8 21. g4 Ke7 22. Qf3) 19... a6 20. Qxb7 (20. Qf4 {is interesting.} Rc6 21. Qd2 Qe7 22. Qd3 h6 23. e4) 20... Nxb7 21. Kf2 Rc6 22. Ke3 Rdc8 23. Kd2 Kf8 24. Rc2 Ke7 25. Rdc1 Nc5 26. Nd1 Nd7 27. Nf2 Nc5 28. Nd3 Nxd3 29. exd3 Kd7 30. d4 a5 31. Kd3 Ke7 32. a4 d5 33. cxd5 {Precision: White =  9%, Black = 32%.} 1/2-1/2

[Event "Cellavision Cup 2018"]
[Site "Lund"]
[Date "2018.08.03"]
[Round "3"]
[White "Cramling, Pia"]
[Black "Schwarz, Dusan"]
[Result "1-0"]
[WhiteElo "2453"]
[BlackElo "2274"]
[Annotator "ChessBase"]
[PlyCount "51"]
[EventDate "2018.08.03"]
[EventType "swiss"]
[EventCountry "SWE"]
[SourceTitle "playchess.com"]
[Source "ChessBase"]
[SourceQuality "1"]
[TimeControl "900+5"]

1. Nf3 {[%emt 0:00:00]} d5 {[%emt 0:00:00]} 2. d4 {[%emt 0:00:00]} Nf6 {[%emt 0:00:00]} 3. c4 {[%emt 0:00:01]} c6 {[%emt 0:00:02]} 4. Nc3 {[%emt 0:00:22]} e6 {[%emt 0:00:04]} 5. Bg5 {[%emt 0:00:15]} dxc4 {[%emt 0:00:08]} 6. a4 {[%emt 0:00:14]} b5 {[%emt 0:00:55]} 7. axb5 {[%emt 0:00:17]} cxb5 {[%emt 0:00:02]} 8. Nxb5 {[%emt 0:00:07]} Qb6 {[%emt 0:00:21]} 9. Na3 {[%emt 0:04:22]} Qxb2 {[%emt 0:00:50]} 10. Nxc4 {[%emt 0:00:39]} Bb4+ {[%emt 0:00:38]} 11. Bd2 {[%emt 0:01:05]} Bxd2+ {[%emt 0:00:29]} 12. Nfxd2 {[%emt 0:00:57]} Qxd4 {[%emt 0:00:34]} 13. e3 {[%emt 0:00:23]} Qc5 {[%emt 0:00:40]} 14. Ra5 {[%emt 0:00:11]} Qc7 {[%emt 0:00:16]} 15. Qa4+ {[%emt 0:00:07]} Bd7 {[%emt 0:00:36]} 16. Qa3 {[%emt 0:00:04]} Bc6 {[%emt 0:02:35]} 17. Nd6+ {[%emt 0:00:45]} Kd8 {[%emt 0:01:19]} 18. Be2 {[%emt 0:00:14]} Ne8 {[%emt 0:01:08]} 19. N2c4 {[%emt 0:00:25]} Nxd6 {[%emt 0:00:09]} 20. Nxd6 {[%emt 0:00:06]} Kd7 {[%emt 0:02:10]} 21. Nxf7 {[%emt 0:00:16]} Bxg2 {[%emt 0:00:35]} 22. Rg1 {[%emt 0:00:39]} Nc6 {[%emt 0:00:08]} 23. Bb5 {[%emt 0:00:23]} Rhf8 {[%emt 0:02:34]} 24. Ne5+ {[%emt 0:00:52]} Kc8 {[%emt 0:00:21]} 25. Ba6+ {[%emt 0:00:35]} Kd8 {[%emt 0:00:06]} 26. Qxf8# 1-0